000 00695nam a2200241Ia 4500
003 OSt
005 20221005031600.0
006 a|||||r|||| 00| 0
007 ta
008 221004b |||||||| |||| 00| 0 tam d
024 _a63767
037 _cTextual
040 _aCRL
_cCRL
_btam
041 _2tam
_atam
082 _aS, 31H8
100 _aThe. Po. Meenachi Sundaranar Au.
_9583917
245 0 _aUllathu Iyarkai Nool Manothathuva Chaahiram
_b (Irandam Paguthi)
260 _aChennai
_bChinthathari Pettai India
_c1948
300 _a164p.
_ccm.
650 _aPSYCHOLOGY
942 _hS, 31H8
_cTEXL
_2cc
999 _c937989
_d937989